Дела об утверждении ректором Дерптского университета на 1808-1809 годы профессора Х.Ф. Дейтша

Доступно только в Электронных читальных залах Найти на картеНа карте
RUSMARC
00004297nmc2a2200000 x 450
00180867797-5f7c-40e8-98e9-fa519b52e792
00520170113124034.0
100##$a20140512l18081808k l0rusy0189 ca
1010#$arus
102##$aRU
2001#$aДела об утверждении ректором Дерптского университета на 1808-1809 годы профессора Х.Ф. Дейтша
$j8 июня - 9 июля 1808 г.
251##$cДело
300##$aДело
300##$aОриг. заголовок дела: Дело по представлению попечителя Дерптского учебного округа об утверждении на сей год ректором профессора Дейтша и деканами факультетов представляемых профессоров. 8 июня 1808 г. - 9 июля 1808 г
801#0$aRU
$bРГИА
$c20140512
$gRCR
801#1$aRU
$bГлавНИВЦ
$c20140512
$2rusmarc
801#2$aRU
$bПБ им. Б.Н. Ельцина
$c20170113
$gRCR
$2rusmarc
850##$aРГИА
852##$aРГИА
$eФедеральное казенное учреждение "Российский государственный исторический архив" (РГИА)
$j88
937##$hРГИА
$d11167825
$aASBIBLIO_SCAN
462#0$10015faafd89-1df2-4e8f-a0ba-1d8a620713c6
$12001
$aДела Департамента народного просвещения по Дерптскому учебному округу за 1802-1836 гг.
$1251
$cОпись
$1852
$j56
461#0$1001a74412a3-3cc5-4d21-8f0a-dfe2fbd9e72d
$12001
$aДепартамент народного просвещения Министерства народного просвещения (1803-1917)
$1251
$cФонд
$1852
$j733
215##$a18 л.
$d36,5х26 см
371##$aДокумент не является опубликованным и широко распространяемым
105##$ay###
1222#$ad
5171#$aДело по представлению попечителя Дерптского учебного округа об утверждении на сей год ректором профессора Дейтша и деканами факультетов представляемых профессоров. 8 июня 1808 г. - 9 июля 1808 г.
035##$a80867797-5f7c-40e8-98e9-fa519b52e792
856##$uhttp://readingroom.main.prlib.ru/item.aspx?id_node=n94244005&mode=full
Формат отображения